Statistics for Хоккейная терминология

Click here to take the quiz!

General Stats

  • This quiz has been taken 11 times
  • The average score is 11 of 30

Answer Stats

ОпределениеТермин% Correct
Спортивный снаряд для игры в хоккей, используемый для бросков, пасов и ведения шайбыКлюшка
100%
Элемент экипировки хоккеиста, предназначенный для защиты головыШлем
100%
Основной спортивный снаряд для игры в хоккейШайба
88%
Штрафной бросок шайбыБуллит
75%
Тридцатисекундный перерыв, назначаемый по просьбе тренера одной из командТайм-аут
63%
Дополнительное время, которое выделяется после окончания трёх периодов по 20 минут при равном счёте для выявления победителя и продолжается до первой заброшенной шайбыОвертайм
63%
Приспособление из гибкой пластмассы, надеваемое на зубы с целью защиты от различных повреждений, как повреждения челюсти, зубов, сотрясения мозгаКапа
63%
Часть экипировки, защищающая коленный сустав и голень хоккеистаЩитки
50%
Бросок шайбы игроком со своей части поля, когда шайба пересекает красную линию у ворот противника, не зацепив никого из игроковПроброс
38%
Игровая ситуация, когда команда имеет на одного или на двух полевых игроков больше, чем команда-соперникБольшинство
38%
Ввод шайбы в игру в начале каждого периода или после остановки игры свистком судьи на льдуВбрасывание
38%
Хоккейные перчатки, защищающие кисти рук, кистевые суставы и нижнюю часть предплечий игрокаКраги
38%
Разновидность броска шайбы, особенностью которого являются замах клюшки и её удар об лёд перед шайбойЩелчок
38%
Нарушение, возникающее в том случае, когда оба конька атакующего игрока пересекут синюю линюю (в зоне атаки) до того, как это сделает шайбаВне игры
38%
Матч, записываемый статистику вратаря, если тот на протяжении всей игры успешно отражал все атаки команды-соперника и не пропустил ни одной шайбы в свои воротаШатаут
38%
Перчатка голкипера, предназначенная для ловли и фиксации шайбыЛовушка
38%
Четыре забитых гола, одним игроком, в одном матчеПокер
38%
Игрок хоккейной команды, основной задачей которого является устрашение противника, кулачные единоборства, "выключение" из игры наиболее опасных форвардов команды-соперника и защита самых ценных игроков своей командыТафгай
25%
Манёвр, при котором игрок на крюке клюшки "заносит" шайбу в ворота из-за спины вратаряЛакросс
25%
Физическое действие, направленное на отбор шайбы у противникаСиловой приём
25%
Перчатка голкипера, предназначенная для отражения бросков шайбы тыльной стороной кисти, в которой находится клюшкаБлин
25%
Силовой приём, проводимый путем взятия противника на бедроМельница
13%
Элемент экипировки хоккеиста, обеспечивающий защиту спины, грудной клетки, позвоночника и плечНагрудник
13%
Неофициальное название особого вида хет-трика, когда игрок в течение одного матча забрасывает шайбу, делает голевую передачу и участвует в дракеХет-трик Горди Хоу
13%
Игровая ситуация, когда команда имеет на одного или на двух полевых игроков меньше, чем команда-соперникМеньшинство
13%
Характеристика игрока, отображающая соотношение заброшенных или пропущенных командой шайб, когда тот или иной игрок находился на льдуПоказатель полезности
13%
Условная награда, которую получает во время матча любой игрок, забрасывающий шайбу в ворота противника или отдающий голевую передачуОчко
13%
Активные оборонительные действия командыФорчекинг
0%
Область хоккейной площадки, которая расположена непосредственно напротив ворот между кругами для вбрасыванийСлот
0%
Пассивные оборонительные действия командыИгра в откат
0%

Score Distribution

Percentile by Number Answered

Percent of People with Each Score

Your Score History

You have not taken this quiz